| 000 | 00607nam a2200181 i 4500 | ||
|---|---|---|---|
| 001 | 116353 | ||
| 003 | ES-MaACL | ||
| 005 | 20230906190705.0 | ||
| 007 | t| | ||
| 008 | 061121s1954 xxu r ||||1| eng d | ||
| 100 | 1 |
_aPattison, Walter T. _989613 |
|
| 245 | 1 | 0 |
_aBenito Pérez Galdós and the creative process / _cby Walter T. Pattison. |
| 260 |
_aMinneapolis : _b[s. n.], _c1954 ( _eOxford : _fImp. Cumbertege) |
||
| 300 |
_a146 p. ; _c24 cm. |
||
| 600 | 1 | 4 |
_aPérez Galdós, Benito, _d1843-1920- _xCrítica e interpretación _990875 |
| 852 |
_aES-MaACL _jC-23606 _bR.52270 |
||
| 999 |
_c116353 _d116353 |
||